000
00225nam a22000857a 4500
008
160915b xxu||||| |||| 00| 0 eng d
100
_9
502
_a
Singh.A.etal
245
_a
Mathematics-CCE-X
260
_a
New Delhi
_b
ESP. Publications
_c
2012
999
_c
3159
_d
3159